[Event "LUX-chT 2016/17"]
[Site "Luxembourg"]
[Date "2017.02.05"]
[Round "7"]
[White "Bakalarz, Grazyna"]
[Black "Loiseau, Jean"]
[Result "0-1"]
[WhiteElo "1956"]
[BlackElo "1955"]
[PlyCount "84"]
[EventDate "2016.09.25"]
[EventType "team-tourn"]
[EventRounds "10"]
[EventCountry "LUX"]
[SourceTitle "EXT 2018"]
[Source "ChessBase"]
[SourceDate "2017.10.13"]
[SourceVersion "1"]
[SourceVersionDate "2017.10.13"]
[SourceQuality "1"]

1. d4 d5 2. c4 e6 3. Nc3 Nf6 4. Nf3 Be7 5. Bg5 0-0 6. e3 a6 7. Rc1 Nbd7 8. Bd3 dxc4 9. Bxc4 b5 10. Be2 Bb7 11. 0-0 Rc8 12. a3 c5 13. dxc5 Nxc5 14. Nd4 Ncd7 15. Bf3 Qb6 16. Bxb7 Qxb7 17. Qf3 Qxf3 18. Nxf3 h6 19. Bh4 Nc5 20. Rcd1 Rfd8 21. Rxd8+ Rxd8 22. Rd1 Rxd1+ 23. Nxd1 g5 24. Bg3 Nfe4 25. Bc7 Nd3 26. Ne5 Nxe5 27. Bxe5 g4 28. f3 gxf3 29. gxf3 Nd2 30. Kf2 Nc4 31. Bc3 Kh7 32. f4 Kg6 33. e4 Bf6 34. e5 Be7 35. Kf3 Kf5 36. Be1 Bc5 37. Bc3 Bg1 38. Kg2 Ne3+ 39. Kxg1 Nxd1 40. Bd2 Nxb2 41. Kg2 Nc4 42. Bc1 a5 0-1

[Event "FRA-chT U20"]
[Site "Mulhouse"]
[Date "2005.12.20"]
[Round "7"]
[White "Loiseau, Jean"]
[Black "Cohen Solal, Lennie"]
[Result "1-0"]
[WhiteElo "1709"]
[BlackElo "1739"]
[PlyCount "93"]
[EventDate "2005.12.??"]
[EventType "team"]
[EventRounds "11"]
[EventCountry "FRA"]
[SourceTitle "EXT 2007"]
[Source "ChessBase"]
[SourceDate "2006.11.23"]
[SourceVersion "1"]
[SourceVersionDate "2006.11.23"]
[SourceQuality "1"]
[WhiteTeam "Bischwiller"]
[BlackTeam "Niort"]
[WhiteTeamCountry "FRA"]
[BlackTeamCountry "FRA"]

1. e4 c5 2. Nf3 d6 3. Nc3 Nf6 4. d4 cxd4 5. Nxd4 g6 6. Be2 Bg7 7. 0-0 0-0 8. Re1 Nc6 9. Nb3 Bd7 10. Bf1 Rc8 11. Bg5 Re8 12. Nd5 Nxd5 13. exd5 Ne5 14. c3 h6 15. Be3 a6 16. Bd4 b5 17. f4 Nc4 18. Bxc4 Rxc4 19. Bxg7 Kxg7 20. Nd4 Qa8 21. Qf3 Rc5 22. f5 Qxd5 23. Qxd5 Rxd5 24. fxg6 fxg6 25. Ne6+ Bxe6 26. Rxe6 Rf5 27. Rae1 Kf7 28. R1e2 Rf6 29. R6e4 e6 30. h3 Rf5 31. g4 Rf6 32. Kg2 g5 33. Rd2 Ke7 34. a3 Rf4 35. Ree2 Ref8 36. Rd3 d5 37. Rxd5 Rf2+ 38. Rxf2 Rxf2+ 39. Kxf2 exd5 40. Ke3 Ke6 41. Kd4 a5 42. Kc5 b4 43. axb4 axb4 44. cxb4 Ke5 45. b5 Ke4 46. b6 d4 47. b7 1-0